000 00541cam a22002051 4500
001 sa 65000823
003 DLC
005 20260227112105.0
008 890510q19601965io 000 0 ind
010 _asa 65000823
035 _a(OCoLC)23576008
040 _aDLC
_cMiU
_dDLC
042 _apremarc
050 0 0 _aBJ1588.I5
_bS8
100 1 _aSutojo, M. D.
245 1 0 _aPopuler dan simpatik dalam pergaulan,
_chimpunan Sutojo M. D.
260 _aTasikmalaja,
_bSwandjaja
_c[196-?]
300 _a73 p.
_c16 cm.
650 0 _aConduct of life
999 _c61765
_d61765